000 00338nam a2200133Ia 4500
008 100328s9999 xx 000 0 und d
082 _b34843
100 _aरायकर प्रतिभा
245 _aदेवता
260 _bप्रिया
630 _aदेवता
730 _aदेवता
942 _cBOOK
999 _c524896
_d524893